[Event "Montigny le Bretonneux Noel op 17th"]
[Site "Montigny le Bretonneux"]
[Date "2016.12.27"]
[Round "1"]
[White "Sondermeijer, Antoine"]
[Black "Larramendy, Pierre"]
[Result "0-1"]
[WhiteElo "1399"]
[BlackElo "1796"]
[PlyCount "102"]
[EventDate "2016.12.26"]
[EventType "swiss"]
[EventRounds "7"]
[EventCountry "FRA"]
[SourceTitle "CBM 176 Extra"]
[Source "ChessBase"]
[SourceDate "2017.03.02"]
[SourceVersion "1"]
[SourceVersionDate "2017.03.02"]
[SourceQuality "1"]

1. e4 c5 2. Nf3 d6 3. d4 cxd4 4. Nxd4 Nf6 5. Bd3 Nc6 6. c3 g6 7. h3 Bg7 8. Be3 0-0 9. 0-0 a6 10. Nd2 Qc7 11. Qc2 d5 12. Nxc6 bxc6 13. b4 Bb7 14. Rad1 Rfd8 15. Nb3 Nd7 16. c4 dxe4 17. Bxe4 f5 18. Bxf5 gxf5 19. Qxf5 Qe5 20. Nd4 Qxf5 21. Nxf5 Bf6 22. c5 Nf8 23. Bd4 Bxd4 24. Nxd4 Kf7 25. Nf3 Ne6 26. Rfe1 Rxd1 27. Rxd1 Rd8 28. Rxd8 Nxd8 29. Ne5+ Ke6 30. f4 Nf7 31. Nxf7 Kxf7 32. Kf2 Ke6 33. Ke3 Kd5 34. Kd3 h5 35. g4 hxg4 36. hxg4 Bc8 37. f5 a5 38. a3 axb4 39. axb4 Bd7 40. Ke3 Ke5 41. Kf3 e6 42. f6 Kxf6 43. Kf4 e5+ 44. Kf3 Ke6 45. Ke4 Be8 46. g5 Bg6+ 47. Ke3 Kd5 48. Kd2 Kc4 49. b5 Kxb5 50. Kc3 Kxc5 51. Kd2 Kd4 0-1

[Event "Paris-ch op-B 87th"]
[Site "Paris"]
[Date "2012.07.13"]
[Round "7"]
[White "Mirimanian, Hayk"]
[Black "Larramendy, Pierre"]
[Result "1-0"]
[WhiteElo "2048"]
[BlackElo "1893"]
[PlyCount "43"]
[EventDate "2012.07.07"]
[EventType "swiss"]
[EventRounds "9"]
[EventCountry "FRA"]
[SourceTitle "EXT 2013"]
[Source "ChessBase"]
[SourceDate "2012.11.22"]
[SourceVersion "1"]
[SourceVersionDate "2012.11.22"]
[SourceQuality "1"]

1. e4 e5 2. Nc3 Nf6 3. g3 Bc5 4. Bg2 a6 5. Nge2 Nc6 6. 0-0 0-0 7. d3 d6 8. h3 b5 9. a3 Rb8 10. Kh2 a5 11. f4 h6 12. f5 Kh7 13. g4 Bd7 14. Ng3 g5 15. fxg6+ fxg6 16. g5 hxg5 17. Bxg5 Be6 18. Rxf6 Rxf6 19. Nd5 Bxd5 20. exd5 Nd4 21. Ne4 Qf8 22. Nxf6+ 1-0

[Event "Paris-ch op-A"]
[Site "Paris"]
[Date "2010.07.07"]
[Round "5"]
[White "Larramendy, Pierre"]
[Black "Pietinen, Pekka"]
[Result "1/2-1/2"]
[WhiteElo "1912"]
[BlackElo "2030"]
[PlyCount "101"]
[EventDate "2010.07.03"]
[EventType "swiss"]
[EventRounds "9"]
[EventCountry "FRA"]
[SourceTitle "CBM 137 Extra"]
[Source "ChessBase"]
[SourceDate "2010.09.01"]
[SourceVersion "1"]
[SourceVersionDate "2010.09.01"]
[SourceQuality "1"]

1. e4 e5 2. Nf3 Nc6 3. Bb5 a6 4. Ba4 Nge7 5. c3 d6 6. d4 Bd7 7. Be3 Ng6 8. h4 h5 9. g3 Be7 10. d5 Nb8 11. Bxd7+ Nxd7 12. c4 Nf6 13. Nc3 Ng4 14. Qd2 Nf8 15. 0-0 Qd7 16. Kg2 Nxe3+ 17. Qxe3 Rh6 18. Rh1 f6 19. b4 b6 20. Nd2 g5 21. Nb3 Ng6 22. a4 Qg4 23. f3 Qc8 24. a5 Qb7 25. axb6 Qxb6 26. Qxb6 cxb6 27. hxg5 fxg5 28. Na4 Rb8 29. Rab1 b5 30. cxb5 Rxb5 31. Na5 h4 32. Nc3 Rb6 33. Nc4 Rb8 34. b5 axb5 35. Nxb5 Kd7 36. Nbxd6 Bxd6 37. Rxb8 Bxb8 38. Rb1 Kc8 39. d6 Nf8 40. Rc1 Kd7 41. Nxe5+ Ke6 42. Ng4 Rh7 43. e5 Rb7 44. Rc8 Ng6 45. Re8+ Kf7 46. d7 Rxd7 47. Rxb8 Rd2+ 48. Kh3 hxg3 49. Rb7+ Kf8 50. Rb8+ Kf7 51. Rb7+ 1/2-1/2

[Event "Montigny le Bretonneux Noel op 10th"]
[Site "Montigny le Bretonneux"]
[Date "2007.12.30"]
[Round "6"]
[White "Dagonia, Steve"]
[Black "Larramendy, Pierre"]
[Result "0-1"]
[WhiteElo "1762"]
[BlackElo "1934"]
[PlyCount "71"]
[EventDate "2007.12.26"]
[EventType "swiss"]
[EventRounds "7"]
[EventCountry "FRA"]
[SourceTitle "CBM 122 Extra"]
[Source "ChessBase"]
[SourceDate "2008.03.04"]
[SourceVersion "1"]
[SourceVersionDate "2008.03.04"]
[SourceQuality "1"]

1. e4 c5 2. Nc3 g6 3. f4 Bg7 4. Nf3 Nc6 5. Bb5 Nd4 6. 0-0 e6 7. e5 a6 8. Be2 d5 9. Nxd4 cxd4 10. Nb1 f6 11. exf6 Nxf6 12. d3 0-0 13. Re1 b5 14. Bf3 Bd7 15. g4 Ne8 16. g5 Nd6 17. Bg4 Nf5 18. Qe2 Qc7 19. c3 Rae8 20. Bxf5 Rxf5 21. Bd2 Qb8 22. Qg2 Bc6 23. Na3 Bb7 24. Qg4 dxc3 25. bxc3 b4 26. Nc2 bxc3 27. Be3 e5 28. Rab1 d4 29. Rb6 dxe3 30. Reb1 Rf7 31. Nxe3 exf4 32. Nc2 f3 33. Qc4 f2+ 34. Kf1 Qxh2 35. Re6 Bg2+ 36. Ke2 0-1

[Event "Elancourt op"]
[Site "Elancourt"]
[Date "2006.04.22"]
[Round "8"]
[White "Larramendy, Pierre"]
[Black "Acco, David"]
[Result "1-0"]
[WhiteElo "1948"]
[BlackElo "1953"]
[PlyCount "37"]
[EventDate "2006.04.16"]
[EventType "swiss"]
[EventRounds "9"]
[EventCountry "FRA"]
[SourceTitle "CBM 111 Extra"]
[Source "ChessBase"]
[SourceDate "2006.05.09"]
[SourceVersion "1"]
[SourceVersionDate "2006.05.09"]
[SourceQuality "1"]

1. e4 c5 2. Nf3 Nc6 3. Bb5 g6 4. 0-0 Bg7 5. c3 e5 6. d4 cxd4 7. cxd4 Nxd4 8. Nxd4 exd4 9. Bf4 Ne7 10. Na3 0-0 11. Bd6 Re8 12. Qb3 Nc6 13. Bc4 Qf6 14. Nb5 Na5 15. Qb4 Nxc4 16. Qxc4 Qe6 17. Rac1 Qxc4 18. Rxc4 Re6 19. Rfc1 1-0

[Event "Elancourt op"]
[Site "Elancourt"]
[Date "2006.04.17"]
[Round "2"]
[White "Larramendy, Pierre"]
[Black "Lebrun, Xavier"]
[Result "0-1"]
[WhiteElo "1948"]
[BlackElo "2205"]
[PlyCount "114"]
[EventDate "2006.04.16"]
[EventType "swiss"]
[EventRounds "9"]
[EventCountry "FRA"]
[SourceTitle "CBM 111 Extra"]
[Source "ChessBase"]
[SourceDate "2006.05.09"]
[SourceVersion "1"]
[SourceVersionDate "2006.05.09"]
[SourceQuality "1"]

1. e4 d6 2. d4 Nf6 3. Nc3 Nbd7 4. f4 e5 5. Nf3 exd4 6. Qxd4 c6 7. Be3 d5 8. 0-0-0 c5 9. Qa4 d4 10. Ne5 Be7 11. Bxd4 cxd4 12. Rxd4 Bc5 13. Rd1 Be3+ 14. Kb1 Bxf4 15. Nd3 Bc7 16. e5 0-0 17. exf6 Nxf6 18. Nf4 Qe8 19. Bb5 Qe5 20. Nfd5 Nxd5 21. Nxd5 Bd8 22. Qa3 Be6 23. Qc5 Qg5 24. h4 Qg3 25. h5 Rc8 26. Ne7+ Bxe7 27. Qxe7 Qe5 28. Qb4 h6 29. Bd3 Rfd8 30. Rde1 Qd5 31. b3 Bf5 32. Bc4 Qd2 33. Re8+ Kh7 34. Qxd2 Rxd2 35. Rxc8 Rxc2 36. Rc5 Be4 37. Ka1 a6 38. Rg1 b5 39. Bxf7 Rxc5 40. Bg6+ Bxg6 41. hxg6+ Kxg6 42. Kb2 Kg5 43. Re1 Rc6 44. Re4 h5 45. g3 g6 46. a4 bxa4 47. bxa4 Rf6 48. Kc2 Rf3 49. Re6 Rxg3 50. Rxa6 h4 51. Rd6 h3 52. Rd1 Kh4 53. a5 Ra3 54. Rd6 h2 55. Rxg6 Rh3 56. Rh6+ Kg4 57. Rg6+ Kf5 0-1

[Event "Montigny le Bretonneux Noel op 06th"]
[Site "Montigny le Bretonneux"]
[Date "2003.12.28"]
[Round "3"]
[White "Larramendy, Pierre"]
[Black "Couradin, Bruno"]
[Result "1-0"]
[WhiteElo "1930"]
[BlackElo "1610"]
[PlyCount "101"]
[EventDate "2003.12.26"]
[EventType "swiss"]
[EventRounds "6"]
[EventCountry "FRA"]
[SourceTitle "CBM 097 Extra"]
[Source "ChessBase"]
[SourceDate "2004.01.13"]
[SourceVersion "1"]
[SourceVersionDate "2004.01.13"]
[SourceQuality "1"]

1. e4 e5 2. Nf3 Nc6 3. Bc4 f5 4. d4 fxe4 5. Nxe5 d5 6. Bb5 Bd7 7. Qh5+ g6 8. Nxg6 Nf6 9. Qh4 Rg8 10. Nxf8 Kxf8 11. Bxc6 bxc6 12. Bg5 Kf7 13. Nc3 Qe7 14. 0-0-0 Rxg5 15. Qxg5 Rg8 16. Qf4 Rg4 17. Qxc7 Rxg2 18. Qf4 Rg4 19. Qe3 Rg2 20. Rdg1 Rxg1+ 21. Rxg1 Ke8 22. Qg5 Qf7 23. Na4 h6 24. Qg6 Qxg6 25. Rxg6 Ng4 26. Nc5 Kf7 27. Rd6 Be8 28. h3 Nf6 29. Kd2 Kg6 30. Ke3 Kf5 31. f3 exf3 32. Kxf3 Ne4 33. Nxe4 dxe4+ 34. Ke3 h5 35. Rd8 Bg6 36. h4 Ke6 37. c4 Bf5 38. b4 Ke7 39. Ra8 Kd6 40. Rxa7 Be6 41. Kxe4 Bxc4 42. a4 Bf1 43. Ra5 Bg2+ 44. Kf4 Bd5 45. Ra7 Bb3 46. a5 Kd5 47. Ke3 Bc4 48. Rh7 Ba6 49. Rxh5+ Kc4 50. Rc5+ Kxb4 51. Rxc6 1-0

[Event "Yvelines-ch"]
[Site "Fontenay le Fleury"]
[Date "2003.02.09"]
[Round "4.5"]
[White "Bilquez, Romain"]
[Black "Larramendy, Pierre"]
[Result "1/2-1/2"]
[WhiteElo "1630"]
[BlackElo "1690"]
[PlyCount "29"]
[EventDate "2003.02.17"]
[EventType "swiss"]
[EventRounds "7"]
[EventCountry "FRA"]
[SourceTitle "EXT 2004"]
[Source "ChessBase"]
[SourceDate "2003.11.25"]
[SourceVersion "1"]
[SourceVersionDate "2003.11.25"]
[SourceQuality "1"]

1. e4 c5 2. Nf3 Nc6 3. d3 g6 4. Bd2 Bg7 5. Bc3 Nf6 6. g3 0-0 7. Bg2 d6 8. 0-0 e5 9. Nh4 b5 10. Bd2 Bd7 11. Nc3 a6 12. f4 h6 13. f5 g5 14. Nf3 b4 15. Ne2 1/2-1/2

[Event "Yvelines-ch"]
[Site "Fontenay le Fleury"]
[Date "2003.02.08"]
[Round "2.14"]
[White "Vallepin, Cedric"]
[Black "Larramendy, Pierre"]
[Result "1/2-1/2"]
[WhiteElo "1900"]
[BlackElo "1690"]
[PlyCount "73"]
[EventDate "2003.02.17"]
[EventType "swiss"]
[EventRounds "7"]
[EventCountry "FRA"]
[SourceTitle "EXT 2004"]
[Source "ChessBase"]
[SourceDate "2003.11.25"]
[SourceVersion "1"]
[SourceVersionDate "2003.11.25"]
[SourceQuality "1"]

1. d4 Nf6 2. c4 g6 3. Nc3 d5 4. Bf4 Bg7 5. e3 0-0 6. Nf3 c5 7. Be2 Qa5 8. 0-0 Na6 9. dxc5 Qxc5 10. cxd5 Nh5 11. Be5 Bxe5 12. Nxe5 Nf6 13. Qb3 Nc7 14. Nd3 Qa5 15. e4 Rd8 16. Qc2 Nb5 17. Nxb5 Qxb5 18. f3 Bd7 19. Kh1 Rac8 20. Qd2 Be8 21. b4 Qb6 22. Qb2 Bb5 23. a4 Bc4 24. Nf4 Qe3 25. Rfc1 Qxf4 26. Bxc4 Nd7 27. Qe2 Ne5 28. Rc3 Qf6 29. Rac1 Qb6 30. f4 Nd7 31. e5 Qxb4 32. e6 Nb6 33. exf7+ Kf8 34. h3 Nxd5 35. Rb3 Qxa4 36. Qe5 Rxc4 37. Qh8+ 1/2-1/2

[Event "Montigny le Bretonneux op 1st"]
[Site "Montigny le Bretonneux"]
[Date "2002.10.31"]
[Round "7"]
[White "Gilles de la Londe, Jean Francois"]
[Black "Larramendy, Pierre"]
[Result "0-1"]
[WhiteElo "1660"]
[BlackElo "1700"]
[PlyCount "56"]
[EventDate "2002.10.25"]
[EventType "swiss"]
[EventRounds "9"]
[EventCountry "FRA"]
[SourceTitle "EXT 2008"]
[Source "ChessBase"]
[SourceDate "2007.11.25"]
[SourceVersion "1"]
[SourceVersionDate "2007.11.25"]
[SourceQuality "1"]

1. d4 Nf6 2. Bg5 g6 3. Bxf6 exf6 4. e3 d5 5. Bb5+ c6 6. Bd3 Qb6 7. Qc1 Na6 8. a3 c5 9. c3 cxd4 10. exd4 Bg7 11. Ne2 0-0 12. 0-0 Qd6 13. Nd2 Bh6 14. Qc2 Nc7 15. Nb3 Ne6 16. Ng3 Nf4 17. Rae1 Nxd3 18. Qxd3 b6 19. Re2 a5 20. f4 Ba6 21. Qf3 Bxe2 22. Nxe2 f5 23. Nbc1 Rfe8 24. Nd3 f6 25. h4 Re7 26. g4 Rae8 27. Rf2 Re3 28. Qg2 Rxd3 0-1